=LDR 00000nam 2200000 4500 =001 INLIS000000000014311 =005 20130612105605 =008 ***********************************Ind** =035 ##$$0010-061300000014311 =041 ##$$a Ind =082 ##$$a 332.1 =090 ##$$a 332.1, Has d =100 ##$$a hasibuan, Malayu S.P =245 ##$$a Dasar - dasar perbankan, Malayu S.P. Hasibuan =260 ##$$a 2002 $b Jakarta =300 ##$$a ix, 189 hlm, Il, 23 cm =650 ##$$a Perbankan =850 ##$$a NBPNMAT